Close air support. : Hearings before the Special Subcommittee on Close Air Support of the Preparedness Investigating Subcommittee of the Committee on Armed Services, United States Senate, Ninety-second Congress, first session.

Bibliographic Details
Corporate Author: United States. Congress. Senate. Committee on Armed Services. Special Subcommittee on Close Air Support
Format: Government Document Book
Language:English
Published: Washington : U.S. Govt. Print. Off, 1972.
Subjects:

MARC

Tag First Indicator Second Indicator Subfields
LEADER 00000cam a2200000 4500
001 in00002382575
005 20151109061311.0
008 720315s1972 dcua 001 0 eng
010 |a  72600625  
035 |a (OCoLC)ocm00278764 
035 |a (OCoLC)278764 
040 |a DLC  |c DLC  |d BTCTA  |d TXA  |d UtOrBLW 
043 |a n-us--- 
049 |a TXAM 
050 0 0 |a KF26  |b .A743 1972 
082 0 0 |a 358.4/142 
086 0 |a Y 4.Ar5/3:A17/14 
110 1 |a United States.  |b Congress.  |b Senate.  |b Committee on Armed Services.  |b Special Subcommittee on Close Air Support. 
245 1 0 |a Close air support. :  |b Hearings before the Special Subcommittee on Close Air Support of the Preparedness Investigating Subcommittee of the Committee on Armed Services, United States Senate, Ninety-second Congress, first session. 
264 1 |a Washington :  |b U.S. Govt. Print. Off,  |c 1972. 
300 |a ii, 484 pages :  |b illustrations ;  |c 24 cm. 
336 |a text  |b txt  |2 rdacontent 
337 |a unmediated  |b n  |2 rdamedia 
338 |a volume  |b nc  |2 rdacarrier 
500 |a Hearings held Oct. 22 - Nov. 8, 1971. 
650 0 |a Close air support. 
948 |a cataloged  |b h  |c 2008/5/30  |d c  |e jgreene  |f 11:31:50 am 
994 |a C0  |b TXA 
999 |a MARS 
999 f f |s fac747bc-ce48-302a-9cec-34803c180633  |i 7300d3de-7d49-33bc-b821-741ad9a87412  |t 0 
952 f f |p noncirc  |a Texas A&M University  |b College Station  |c Cushing Memorial Library & Archives  |d Cushing: Ragan Military (Does not check out)  |t 0  |e KF26 .A743 1972  |h Library of Congress classification  |i unmediated -- volume 
998 f f |a KF26 .A743 1972  |t 0  |l Cushing: Ragan Military (Does not check out)